000 00366nam a2200157Ia 4500
008 230917s9999||||xx |||||||||||||| ||und||
020 _cPOU3.95
040 _e15973
_aMAIN
041 _aEnglish
082 _a338.521 C949T
100 _aCurwen, P J
245 0 _aTheory of the firm
260 _aLondon
_bMacmillan
_c1976
300 _axvi, 189 p.
942 _cBK
999 _c167766
_d167766